<The> Impact of the Company's Management on the Environment
Prehľad teoretických poznatkov o environmentálnom manažmente a o dvoch funkicách manažmentu - plánovaní a kontrole. Rozdiely medzi ISO 14001 a EMA. Korelačná analýza vplyvu meteorologických predpovedí na ekonomický prínos.
Saved in:
| Main Author: | |
|---|---|
| Format: | Book Chapter |
| Language: | English |
| Subjects: | |
| Tags: |
No Tags, Be the first to tag this record!
|
MARC
| LEADER | 00000nla a2200000 4500 | ||
|---|---|---|---|
| 001 | 0241101 | ||
| 005 | 20240502083646.9 | ||
| 041 | 0 | |a eng | |
| 044 | |a RS | ||
| 245 | 1 | 0 | |a <The> Impact of the Company's Management on the Environment |c Marcela Galovská |
| 520 | |a Prehľad teoretických poznatkov o environmentálnom manažmente a o dvoch funkicách manažmentu - plánovaní a kontrole. Rozdiely medzi ISO 14001 a EMA. Korelačná analýza vplyvu meteorologických predpovedí na ekonomický prínos. | ||
| 610 | 2 | 0 | |a riadenie podnikové |
| 610 | 2 | 0 | |a manažment |
| 610 | 2 | 0 | |a manažment environmentálny |
| 610 | 2 | 0 | |a podnik |
| 610 | 2 | 0 | |a funkcie riadenia |
| 610 | 2 | 0 | |a kontrola |
| 610 | 2 | 0 | |a plánovanie |
| 610 | 2 | 0 | |a benefity |
| 610 | 2 | 0 | |a prostredie životné |
| 610 | 2 | 0 | |a konkurencieschopnosť |
| 610 | 2 | 0 | |a počasie |
| 610 | 2 | 0 | |a prognózy |
| 610 | 2 | 0 | |a technológie nové |
| 100 | 1 | |a Galovská, Marcela | |